| 000 | 01191cam a2200361 a 4500 | ||
|---|---|---|---|
| 001 | 5958 | ||
| 003 | FISKH | ||
| 005 | 20250211154953.0 | ||
| 008 | 101124s2011 nyua b 000 1 eng | ||
| 010 | _a 2010045634 | ||
| 020 | _a9780061969171 (lib. bdg.) | ||
| 020 | _a9780061969164 (pbk. bdg.) | ||
| 020 | _a9780061969164 | ||
| 040 |
_aDLC _cDLC _dDLC _beng |
||
| 050 | _aPZ7.G9846 M | ||
| 082 | _a470 | ||
| 100 | 1 |
_aGutman, Dan _d(1955-) |
|
| 245 | 1 | 0 |
_aMiss Child has gone wild! / _cDan Gutman ; pictures by Jim Paillot. |
| 250 | _aThis edition first published in 2011 | ||
| 260 |
_aNew York : _bHarper, _c2011. |
||
| 300 |
_a105 pages : _billustrations ; _c20 cm. |
||
| 490 | 0 |
_aMy weirder school ; _v#1 |
|
| 505 | _aP | ||
| 520 | _aA.J. and his fellow third-graders from Ella Mentry School, including new student Alexia, go on a field trip to the zoo, where they meet a very strange zookeeper. | ||
| 521 | 1 |
_a600
_bLexile |
|
| 521 | 1 |
_aP
_bRaz-Plus |
|
| 650 | 1 |
_aZoos _vFiction. |
|
| 650 | 1 |
_aSchool field trips _vFiction. |
|
| 700 | 1 |
_aPaillot, Jim _eillustrator |
|
| 906 |
_a7 _bcbc _corignew _d1 _eecip _f20 _gy-gencatlg |
||
| 942 |
_2ddc _cBK _n0 |
||
| 999 |
_c5958 _d5958 |
||